000
00275nam a2200097Ia 4500
082
_a
K MOR
245
0
_a
Of life and other worlds
100
_a
Jurriaanse, Aart, , 1907- South Africa, 1993 2nd ed
_9
77833
942
_c
BK
008
210817s9999 xx 000 0 und d
999
_c
267361
_d
267360